00658nam a22002057a 4500999001900000005001700019010001500036020001100051035001400062037001300076082000800089100001800097245004900115260005400164300002600218700002900244700002700273942002200300952013000322 c190995d19099520220831112520.0 aENG-134445 c150.00 aEN-117977 bDBAD/PUB a954 aChowdary, T.H aThe Anguish of a Bharatiya/cby T.H.Chowdary bSri Hanuman Mani Education & Culture Trust c2019 avii, 326p.c22cm(pbk) aEdited by Kundu, Amitabh aEdited by Fazli, Arash 2ddccENh954mCHO 001040708NFICaBNbBNd2022-08-31eDBAD/PUBg150.00l0o954 CHOpEN-117977r2022-08-31 00:00:00t1v150.00w2022-08-31yEN